| Tag |
First Indicator |
Second Indicator |
Subfields |
| LEADER |
00000cam a22000008a 4500 |
| 001 |
in00001122613 |
| 005 |
20151215155530.0 |
| 008 |
910827s1993 cau b s001 0 eng |
| 010 |
|
|
|a 91033937
|
| 020 |
|
|
|a 0520075153
|
| 035 |
|
|
|a (OCoLC)24429393
|
| 035 |
|
|
|9 AFW9727AM
|
| 040 |
|
|
|a DLC
|c DLC
|d TXA
|d UtOrBLW
|
| 049 |
|
|
|a TXAM
|
| 050 |
0 |
0 |
|a PR4426.A2
|b G65 1993
|
| 082 |
0 |
0 |
|a 824/.8
|2 20
|
| 100 |
1 |
|
|a Carlyle, Thomas,
|d 1795-1881.
|
| 245 |
1 |
0 |
|a On heroes, hero-worship & the heroic in history /
|c notes and introduction by Michael K. Goldberg ; text established by Michael K. Goldberg, Joel J. Brattin, and Mark Engel.
|
| 263 |
|
|
|a 9306
|
| 264 |
|
1 |
|a Berkeley, Ca :
|b University of California Press,
|c [1993]
|
| 264 |
|
4 |
|c ©1993
|
| 300 |
|
|
|a 519 pages
|
| 336 |
|
|
|a text
|b txt
|2 rdacontent
|
| 337 |
|
|
|a unmediated
|b n
|2 rdamedia
|
| 338 |
|
|
|a volume
|b nc
|2 rdacarrier
|
| 490 |
1 |
|
|a The Norman and Charlotte Strouse edition of the writings of Thomas Carlyle
|
| 504 |
|
|
|a Includes bibliographical references and index.
|
| 650 |
|
0 |
|a Heroes.
|
| 650 |
|
0 |
|a Hero worship.
|
| 700 |
1 |
|
|a Goldberg, Michael K.
|q (Michael Kenneth)
|
| 700 |
1 |
|
|a Brattin, Joel J.,
|d 1956-
|
| 700 |
1 |
|
|a Engel, Mark.
|
| 740 |
0 |
|
|a On heroes, hero-worship, and the heroic in history.
|
| 800 |
1 |
|
|a Carlyle, Thomas,
|d 1795-1881.
|t Works.
|f 1993.
|
| 999 |
|
|
|a MARS
|
| 999 |
f |
f |
|s d261fa6e-586e-34e6-b500-81dfda13fd71
|i b1390275-47bf-3d53-9551-9a0fe1b30e8d
|t 0
|
| 952 |
f |
f |
|p normal
|a Texas A&M University
|b College Station
|c Sterling C. Evans Library
|d Evans: Library Stacks
|t 0
|e PR4426.A2 G65 1993
|h Library of Congress classification
|i unmediated -- volume
|m A14817265553
|
| 998 |
f |
f |
|a PR4426.A2 G65 1993
|t 0
|l Evans: Library Stacks
|